[Event "34th European Club Cup 2018"]
[Site "Halkidiki"]
[Date "2018.10.18"]
[Round "7"]
[White "Abel, Dennes"]
[Black "Novik, Maxim"]
[Result "1/2-1/2"]
[WhiteElo "2476"]
[BlackElo "2461"]
[Annotator "TA"]
[PlyCount "169"]
[EventDate "2018.10.12"]
[EventType "team-tourn"]
[EventCountry "GRE"]
[SourceTitle "playchess.com"]
[Source "ChessBase"]
[SourceQuality "1"]
[WhiteTeam "Berlin"]
[BlackTeam "Overtime"]

1. e4 c6 2. d4 d5 3. Nc3 dxe4 4. Nxe4 Bf5 5. Ng3 Bg6 6. h4 h6 7. Nf3 e6 8. Ne5 Bh7 9. Bd3 Bxd3 10. Qxd3 Nd7 11. Qe2 Nxe5 12. dxe5 Qa5+ 13. Bd2 Bb4 14. Bxb4 Qxb4+ 15. c3 Qa5 16. b4 Qc7 17. Ne4 Qxe5 18. O-O-O Kf8 19. Rd7 Qf4+ 20. Kb2 Nf6 21. Nxf6 gxf6 22. Rhd1 Qxh4 23. Rxb7 a5 24. Rd4 Qg5 25. f4 Qg6 26. Rdd7 axb4 27. cxb4 h5 28. f5 exf5 29. Rxf7+ Qxf7 30. Rxf7+ Kxf7 31. Qc4+ Kg6 32. Qxc6 Rac8 33. Qf3 Rc4 34. Kb3 Rg4 35. Ka4 h4 36. Qd5 Re8 37. a3 Rge4 38. Qc6 R8e7 39. Qa8 Kg7 40. Ka5 f4 41. Qb8 h3 42. gxh3 R7e5+ 43. b5 f3 44. Qa7+ Kg6 45. Qg1+ Kf7 46. Qa7+ Ke6 47. Qb6+ Kf5 48. Qf2 Rf4 49. Ka6 Re2 50. Qc5+ Kg6 51. Qg1+ Kf7 52. Qa7+ Re7 53. Qf2 Ra4+ 54. Kb6 Rxa3 55. Kc6 Re2 56. Qh4 Rc3+ 57. Kb7 Rce3 58. Qh7+ Ke6 59. Qg8+ Kf5 60. Qg4+ Ke5 61. Qg3+ Kd5 62. h4 Rg2 63. Qh3 Rg7+ 64. Ka6 Ke5 65. h5 f5 66. h6 Rh7 67. b6 Ke4 68. Qh1 Re2 69. Qb1+ Kf4 70. Qc1+ Kg4 71. b7 Re6+ 72. Ka5 Re5+ 73. Ka6 Re6+ 74. Ka5 Rxb7 75. Qc4+ Re4 76. Qg8+ Kf4 77. h7 Rxh7 78. Qxh7 f2 79. Qh4+ Kf3 80. Qh3+ Kf4 81. Qg2 Ke3 82. Qh3+ Kf4 83. Qg2 Ke3 84. Qh3+ Kf4 85. Qg2 1/2-1/2

[Event "34th European Club Cup 2018"]
[Site "Halkidiki"]
[Date "2018.10.18"]
[Round "7"]
[White "Nemeth, Miklos"]
[Black "Lopez, Jasel"]
[Result "1-0"]
[WhiteElo "2474"]
[BlackElo "2366"]
[Annotator "TA"]
[PlyCount "67"]
[EventDate "2018.10.12"]
[EventType "team-tourn"]
[EventCountry "GRE"]
[SourceTitle "playchess.com"]
[Source "ChessBase"]
[SourceQuality "1"]
[WhiteTeam "Dunajska Streda"]
[BlackTeam "Deloitte"]

1. e4 c5 2. Nf3 e6 3. d4 cxd4 4. Nxd4 a6 5. Bd3 Bc5 6. Nb3 Ba7 7. Qe2 d6 8. Be3 Nf6 9. O-O Nc6 10. c4 e5 11. Bxa7 Rxa7 12. Nc3 O-O 13. Rfd1 Bg4 14. f3 Be6 15. Qe3 Nd7 16. Nd5 b6 17. Bf1 a5 18. Rac1 a4 19. Na1 Nc5 20. Nc2 f5 21. exf5 Rxf5 22. b4 axb3 23. axb3 Raf7 24. b4 Nd7 25. b5 Na5 26. Nd4 exd4 27. Qxe6 Ne5 28. f4 Nb3 29. fxe5 Nxc1 30. exd6 Qxd6 31. Qe8+ Rf8 32. Ne7+ Kh8 33. Nxf5 Qc5 34. Qd7 1-0

[Event "34th European Club Cup 2018"]
[Site "Halkidiki"]
[Date "2018.10.18"]
[Round "7"]
[White "Kosic, Dragan"]
[Black "Mutschnik, Illya"]
[Result "1/2-1/2"]
[WhiteElo "2470"]
[BlackElo "2411"]
[Annotator "TA"]
[PlyCount "68"]
[EventDate "2018.10.12"]
[EventType "team-tourn"]
[EventCountry "GRE"]
[SourceTitle "playchess.com"]
[Source "ChessBase"]
[SourceQuality "1"]
[WhiteTeam "Sloven Ruma"]
[BlackTeam "Zurich"]

1. d4 Nf6 2. Nf3 g6 3. Bg5 Bg7 4. Nbd2 O-O 5. c3 d6 6. e3 h6 7. Bh4 c5 8. Bd3 Nc6 9. O-O Nh5 10. Ne1 f5 11. f4 Qe8 12. dxc5 dxc5 13. e4 fxe4 14. Nxe4 b6 15. Bb5 Kh7 16. Nd3 a6 17. Bc4 Bf5 18. Qe2 Na5 19. Ne5 Nxf4 20. Rxf4 Bxe5 21. Rff1 Nxc4 22. Qxc4 Qb5 23. Qd5 c4 24. Qxb5 axb5 25. Bxe7 Rfe8 26. Nf6+ Bxf6 27. Bxf6 Re2 28. Rf2 Rae8 29. Bd4 Re1+ 30. Rxe1 Rxe1+ 31. Rf1 Re2 32. g4 Bd3 33. Rf7+ Kg8 34. Rf6 Rxb2 1/2-1/2

[Event "34th European Club Cup 2018"]
[Site "Halkidiki"]
[Date "2018.10.18"]
[Round "7"]
[White "Forster, Richard"]
[Black "Buhr, Carl Christian"]
[Result "1-0"]
[WhiteElo "2460"]
[BlackElo "2342"]
[Annotator "TA"]
[PlyCount "65"]
[EventDate "2018.10.12"]
[EventType "team-tourn"]
[EventCountry "GRE"]
[SourceTitle "playchess.com"]
[Source "ChessBase"]
[SourceQuality "1"]
[WhiteTeam "Winterthur"]
[BlackTeam "Bonnevoie"]

1. e4 c5 2. a3 e6 3. b4 cxb4 4. axb4 Bxb4 5. Bb2 Nf6 6. e5 Nd5 7. c4 Ne7 8. Qg4 Nf5 9. Nf3 Nc6 10. Bd3 Nce7 11. Nc3 d6 12. exd6 Bxd6 13. Nb5 Bb8 14. Be4 h5 15. Qh3 Ng6 16. g3 Kf8 17. O-O h4 18. Qg2 Rh6 19. Nfd4 Qd7 20. Rfe1 hxg3 21. fxg3 Nf4 22. gxf4 Rg6 23. Ba3+ Kg8 24. Qxg6 fxg6 25. Nxe6 a6 26. Bd5 Kh8 27. Bb2 Bd6 28. Nxd6 Qxd6 29. Ra3 Ne7 30. Rh3+ Kg8 31. Ng5+ Qxd5 32. cxd5 Bxh3 33. Rxe7 1-0

[Event "34th European Club Cup 2018"]
[Site "Halkidiki"]
[Date "2018.10.18"]
[Round "7"]
[White "Elsness, Frode"]
[Black "Gorodetzky, David"]
[Result "1/2-1/2"]
[WhiteElo "2450"]
[BlackElo "2452"]
[Annotator "TA"]
[PlyCount "123"]
[EventDate "2018.10.12"]
[EventType "team-tourn"]
[EventCountry "GRE"]
[SourceTitle "playchess.com"]
[Source "ChessBase"]
[SourceQuality "1"]
[WhiteTeam "SK Oslo"]
[BlackTeam "Rehovot"]

1. c4 e6 2. Nc3 Nf6 3. e4 c5 4. e5 Ng8 5. Nf3 Nc6 6. d4 cxd4 7. Nxd4 Nxe5 8. Ndb5 a6 9. Nd6+ Bxd6 10. Qxd6 f6 11. Be3 Ne7 12. Bb6 Nf5 13. Qb4 Nc6 14. Qc5 d6 15. Bxd8 dxc5 16. Bb6 Ne5 17. Bxc5 Bd7 18. Ne4 Bc6 19. Nd6+ Nxd6 20. Bxd6 O-O-O 21. O-O-O Rd7 22. Bxe5 Rxd1+ 23. Kxd1 fxe5 24. h4 Rf8 25. Ke1 Rf4 26. Rh3 Re4+ 27. Be2 Rd4 28. h5 Bxg2 29. Rg3 Be4 30. Rxg7 Bf5 31. Bf3 Rxc4 32. Bxb7+ Kb8 33. Bxa6 Ra4 34. Be2 Rxa2 35. b3 Rb2 36. Bc4 Kc8 37. Kf1 Kd8 38. Ra7 h6 39. Kg2 Bg4 40. Rh7 Bxh5 41. Rxh6 Bd1 42. Rxe6 Bxb3 43. Bxb3 Rxb3 44. Rxe5 Kd7 45. f3 Rb8 46. Kg3 Rg8+ 47. Kh4 Rf8 48. Kg4 Rg8+ 49. Kf5 Rf8+ 50. Ke4 Ra8 51. f4 Re8 52. Kf5 Rxe5+ 53. Kxe5 Ke7 54. Kf5 Kf7 55. Kg5 Kg7 56. f5 Kf7 57. f6 Kf8 58. Kf5 Kf7 59. Ke5 Kf8 60. Ke6 Ke8 61. f7+ Kf8 62. Kf6 1/2-1/2

[Event "34th European Club Cup 2018"]
[Site "Halkidiki"]
[Date "2018.10.18"]
[Round "7"]
[White "Varga, Zoltan"]
[Black "Dek, Lennart"]
[Result "0-1"]
[WhiteElo "2448"]
[BlackElo "2304"]
[Annotator "TA"]
[PlyCount "90"]
[EventDate "2018.10.12"]
[EventType "team-tourn"]
[EventCountry "GRE"]
[SourceTitle "playchess.com"]
[Source "ChessBase"]
[SourceQuality "1"]
[WhiteTeam "Dunajska Streda"]
[BlackTeam "Deloitte"]

1. c4 e5 2. Nf3 Nc6 3. Nc3 Nf6 4. d4 exd4 5. Nxd4 Bb4 6. Bg5 h6 7. Bh4 Bxc3+ 8. bxc3 O-O 9. Qc2 Ne5 10. e3 Re8 11. Be2 Ng6 12. Bg3 Ne4 13. O-O b6 14. Bh5 Nf8 15. Bf3 Bb7 16. Rfe1 d6 17. h3 Nh7 18. Bf4 Nhg5 19. Bg4 Nh7 20. Rad1 Nc5 21. f3 Ba6 22. Qe2 g6 23. Bxh6 f5 24. Nxf5 gxf5 25. Bxf5 Qf6 26. Bxh7+ Kxh7 27. Bf4 Bb7 28. Qc2+ Kh8 29. Kf2 Rg8 30. Rg1 Ne6 31. Bh2 Raf8 32. Ke1 Qh4+ 33. Qf2 Qxc4 34. e4 Qxc3+ 35. Qd2 Qxd2+ 36. Kxd2 Rg5 37. Ke3 Ra5 38. Rd2 Ra3+ 39. Ke2 Nc5 40. Kd1 Ba6 41. Kc1 Bc4 42. Kb1 b5 43. Rgd1 Na4 44. Rc1 Nc3+ 45. Ka1 Nxa2 0-1

[Event "34th European Club Cup 2018"]
[Site "Halkidiki"]
[Date "2018.10.18"]
[Round "7"]
[White "Kaczmarczyk, Dennis"]
[Black "Stanic, Zoran"]
[Result "1-0"]
[WhiteElo "2442"]
[BlackElo "2143"]
[Annotator "TA"]
[PlyCount "111"]
[EventDate "2018.10.12"]
[EventType "team-tourn"]
[EventCountry "GRE"]
[SourceTitle "playchess.com"]
[Source "ChessBase"]
[SourceQuality "1"]
[WhiteTeam "Winterthur"]
[BlackTeam "Bonnevoie"]

1. d4 Nf6 2. c4 g6 3. Nc3 d5 4. cxd5 Nxd5 5. e4 Nxc3 6. bxc3 Bg7 7. Bg5 c5 8. Rc1 O-O 9. Nf3 cxd4 10. cxd4 Bg4 11. d5 Nd7 12. Be2 Qa5+ 13. Qd2 Qa3 14. O-O Rac8 15. h3 Bxf3 16. Bxf3 Nb6 17. Bg4 Rc4 18. Rxc4 Nxc4 19. Qc1 Qc5 20. Bxe7 Qxe7 21. Qxc4 Re8 22. Bf3 Be5 23. Rb1 b6 24. Rc1 h5 25. Kf1 h4 26. Qd3 Bd6 27. Rc6 Qe5 28. Qc3 Qf4 29. Qc1 Qe5 30. Qc3 Qf4 31. a4 Rb8 32. Ke2 Kh7 33. Qe3 Qe5 34. Qc3 Qf4 35. Qb2 Re8 36. Kd3 Re7 37. Qc1 Qe5 38. Qc3 Qf4 39. Qc1 Qe5 40. Qc3 Qf4 41. Kc4 Bc5 42. Kb3 Bxf2 43. Qf6 Qxf6 44. Rxf6 Kg7 45. Rc6 Bg3 46. Kc4 f5 47. exf5 gxf5 48. d6 Rd7 49. Kd5 Kf6 50. Bh5 Rd8 51. Be8 Kg7 52. d7 Kf8 53. Rf6+ Kg7 54. Rg6+ Kf8 55. Ke6 b5 56. Bf7 1-0

[Event "34th European Club Cup 2018"]
[Site "Halkidiki"]
[Date "2018.10.18"]
[Round "7"]
[White "Hoffmann, Michael"]
[Black "Ivic, Velimir"]
[Result "0-1"]
[WhiteElo "2441"]
[BlackElo "2487"]
[Annotator "TA"]
[PlyCount "73"]
[EventDate "2018.10.12"]
[EventType "team-tourn"]
[EventCountry "GRE"]
[SourceTitle "playchess.com"]
[Source "ChessBase"]
[SourceQuality "1"]
[WhiteTeam "Eynatten"]
[BlackTeam "Itaka"]

1. e4 c5 2. Nf3 d6 3. d4 cxd4 4. Nxd4 Nf6 5. Nc3 a6 6. Bg5 e6 7. f4 Nbd7 8. Qe2 Qc7 9. O-O-O b5 10. a3 Bb7 11. g4 Be7 12. f5 e5 13. Bxf6 Nxf6 14. Nb3 g5 15. h4 Rg8 16. h5 h6 17. Bg2 Rc8 18. Rh3 Kf8 19. Nd2 Kg7 20. Nf1 Qa5 21. Rhd3 b4 22. Nd5 Bxd5 23. exd5 Bd8 24. Nd2 Bb6 25. Ne4 Bc5 26. axb4 Qa1+ 27. Kd2 Bxb4+ 28. Ke3 Qa2 29. Rb3 Bc5+ 30. Kf3 Bd4 31. Nxd6 e4+ 32. Nxe4 Bxb2 33. Nd6 Qa4 34. Qd2 Qxg4+ 35. Kf2 Rb8 36. Rg3 Qh4 37. Rh1 0-1

[Event "34th European Club Cup 2018"]
[Site "Halkidiki"]
[Date "2018.10.18"]
[Round "7"]
[White "Malikentzos, Sotirios"]
[Black "Markgraf, Alexander"]
[Result "1-0"]
[WhiteElo "2441"]
[BlackElo "2502"]
[Annotator "TA"]
[PlyCount "127"]
[EventDate "2018.10.12"]
[EventType "team-tourn"]
[EventCountry "GRE"]
[SourceTitle "playchess.com"]
[Source "ChessBase"]
[SourceQuality "1"]
[WhiteTeam "Thessalonikis"]
[BlackTeam "Bremen"]

1. Nf3 Nf6 2. g3 g6 3. b3 Bg7 4. Bb2 d5 5. c4 c6 6. Bg2 a5 7. d3 O-O 8. O-O Re8 9. Qc2 Na6 10. a3 Bg4 11. Ne5 Be6 12. Nd2 Nd7 13. Nxd7 Bxb2 14. Qxb2 Qxd7 15. Rfc1 Qd6 16. cxd5 cxd5 17. Qc3 Qb6 18. Qe5 f6 19. Qe3 Qxe3 20. fxe3 Rac8 21. e4 dxe4 22. Bxe4 Nc5 23. b4 axb4 24. axb4 Nxe4 25. Nxe4 Rxc1+ 26. Rxc1 Rc8 27. Rxc8+ Bxc8 28. Kf2 Kf8 29. Ke3 Ke8 30. Kd4 Kd8 31. Nc5 b6 32. Na4 Kc7 33. Kd5 Bg4 34. Nc3 Kd7 35. Kc4 Kc6 36. d4 Bh3 37. d5+ Kc7 38. Kd4 Bd7 39. Ne4 Bg4 40. d6+ Kd7 41. dxe7 Kxe7 42. Nc3 Kd6 43. Nd5 Bxe2 44. Nxf6 h6 45. Nd5 b5 46. Nf4 Bg4 47. Nxg6 Ke6 48. Nf4+ Kd6 49. Ng2 Bf3 50. Ne3 Ke6 51. Kc5 Be2 52. Nc2 Ke5 53. Nd4 Bf1 54. Nxb5 Kf5 55. Nd6+ Kg4 56. Kd4 Kh3 57. Ke3 Kxh2 58. Kf2 Bg2 59. Nf5 h5 60. Ng7 h4 61. gxh4 Kh3 62. h5 Bd5 63. h6 Bg8 64. b5 1-0

[Event "34th European Club Cup 2018"]
[Site "Halkidiki"]
[Date "2018.10.18"]
[Round "7"]
[White "Djurhuus, Rune"]
[Black "Ootes, Lars"]
[Result "1-0"]
[WhiteElo "2439"]
[BlackElo "2372"]
[Annotator "TA"]
[PlyCount "107"]
[EventDate "2018.10.12"]
[EventType "team-tourn"]
[EventCountry "GRE"]
[SourceTitle "playchess.com"]
[Source "ChessBase"]
[SourceQuality "1"]
[WhiteTeam "Nordstrand"]
[BlackTeam "BSG"]

1. Nf3 d6 2. c4 f5 3. Nc3 Nf6 4. d4 g6 5. Bf4 Bg7 6. Qd2 O-O 7. Bh6 Bxh6 8. Qxh6 Nc6 9. Rd1 e6 10. g3 Qe7 11. Bg2 e5 12. Nd5 Nxd5 13. cxd5 Nd8 14. dxe5 dxe5 15. d6 cxd6 16. Ng5 e4 17. Rxd6 Ne6 18. h4 Re8 19. Rd2 Nxg5 20. hxg5 Be6 21. a3 Red8 22. Rxd8+ Rxd8 23. Qh4 Qc7 24. O-O Rd2 25. f3 Rxe2 26. fxe4 Rxb2 27. exf5 Rxg2+ 28. Kxg2 Qc2+ 29. Kg1 Qc5+ 30. Kh2 Qc2+ 31. Kg1 Qc5+ 32. Kh2 Qc2+ 33. Kh3 Qe2 34. Qf4 gxf5 35. Qf3 Qc4 36. Kh2 Bd5 37. Qxf5 Qe2+ 38. Rf2 Qh5+ 39. Qh3 Qxg5 40. Rf4 h5 41. Qf5 Qxf5 42. Rxf5 Bf7 43. Rc5 Kf8 44. Rc8+ Be8 45. Rb8 b5 46. Ra8 Ke7 47. Kh3 a5 48. Rxa5 Kd6 49. Kh4 Kc6 50. Ra8 Bf7 51. Rf8 Bd5 52. Kxh5 Kc5 53. g4 Kc4 54. Rf4+ 1-0

[Event "34th European Club Cup 2018"]
[Site "Halkidiki"]
[Date "2018.10.18"]
[Round "7"]
[White "Jens, Jelmer"]
[Black "Lex, Gereon"]
[Result "1-0"]
[WhiteElo "2435"]
[BlackElo "1836"]
[Annotator "TA"]
[PlyCount "73"]
[EventDate "2018.10.12"]
[EventType "team-tourn"]
[EventCountry "GRE"]
[SourceTitle "playchess.com"]
[Source "ChessBase"]
[SourceQuality "1"]
[WhiteTeam "Leiden"]
[BlackTeam "Dudelange"]

1. e4 e5 2. Nf3 Nc6 3. Bb5 a6 4. Ba4 Nf6 5. O-O Be7 6. d3 b5 7. Bb3 O-O 8. Nc3 d6 9. a3 Bg4 10. Be3 Na5 11. Ba2 c5 12. Nd5 Nc6 13. c3 Rc8 14. b4 Kh8 15. Nxf6 Bxf6 16. h3 Bxf3 17. Qxf3 Ne7 18. Rfc1 Qd7 19. Qg4 Qxg4 20. hxg4 g5 21. Kf1 Kg7 22. bxc5 dxc5 23. c4 b4 24. Bb3 Rfd8 25. axb4 cxb4 26. Ke2 Ra8 27. c5 Nc6 28. Bd5 Rdc8 29. Ra4 a5 30. Rca1 Ra6 31. Bxc6 Raxc6 32. Rxa5 Be7 33. Rc1 b3 34. Rb5 Bxc5 35. Rcxc5 Rxc5 36. Bxc5 b2 37. d4 1-0

[Event "34th European Club Cup 2018"]
[Site "Halkidiki"]
[Date "2018.10.18"]
[Round "7"]
[White "Mikhalevski, Alexander"]
[Black "Ranaldi, Lucas"]
[Result "1-0"]
[WhiteElo "2430"]
[BlackElo "2335"]
[Annotator "TA"]
[PlyCount "63"]
[EventDate "2018.10.12"]
[EventType "team-tourn"]
[EventCountry "GRE"]
[SourceTitle "playchess.com"]
[Source "ChessBase"]
[SourceQuality "1"]
[WhiteTeam "Rehovot"]
[BlackTeam "SK Oslo"]

1. d4 Nf6 2. c4 e6 3. g3 c5 4. Nf3 cxd4 5. Nxd4 d5 6. Bg2 e5 7. Nf3 d4 8. O-O Nc6 9. e3 Be7 10. exd4 exd4 11. Bf4 Be6 12. Ne5 Rc8 13. Nd2 O-O 14. Re1 Nd7 15. Ndf3 Ndxe5 16. Nxe5 Nxe5 17. Bxe5 Rxc4 18. Bxb7 Bf6 19. Bxf6 Qxf6 20. Be4 Rfc8 21. Qd2 g6 22. Rad1 Rb8 23. b3 Rcb4 24. Rc1 a5 25. Rc6 a4 26. Bd5 axb3 27. Rcxe6 fxe6 28. Rxe6 Qf7 29. Re8+ Kg7 30. Rxb8 Rxb8 31. Bxf7 b2 32. Qxd4+ 1-0

[Event "34th European Club Cup 2018"]
[Site "Halkidiki"]
[Date "2018.10.18"]
[Round "7"]
[White "Zelbel, Patrick"]
[Black "Svetushkin, Dmitry"]
[Result "1/2-1/2"]
[WhiteElo "2429"]
[BlackElo "2592"]
[Annotator "TA"]
[PlyCount "109"]
[EventDate "2018.10.12"]
[EventType "team-tourn"]
[EventCountry "GRE"]
[SourceTitle "playchess.com"]
[Source "ChessBase"]
[SourceQuality "1"]
[WhiteTeam "Eynatten"]
[BlackTeam "Itaka"]

1. e4 c6 2. Nc3 d5 3. Nf3 Bg4 4. h3 Bxf3 5. Qxf3 Nf6 6. Be2 e6 7. O-O Bc5 8. d3 O-O 9. Bf4 Nbd7 10. Qg3 Kh8 11. Rad1 Bd4 12. Bc7 Qc8 13. exd5 cxd5 14. Bd6 Rg8 15. Nb5 Bc5 16. c4 dxc4 17. Bxc5 cxd3 18. Nd6 Qf8 19. Qxd3 Nxc5 20. Qc2 b6 21. b4 Ncd7 22. Bf3 Rd8 23. Nb7 Rc8 24. Qb2 Rb8 25. Nd6 Nd5 26. Nb5 N7f6 27. Nxa7 Nxb4 28. a3 Nbd5 29. Nc6 Rc8 30. Ne5 Qe7 31. Rfe1 Rc5 32. Nd3 Rc4 33. Ne5 Rc5 34. Nd3 Ra5 35. Nb4 Nxb4 36. Qxb4 Qxb4 37. axb4 Ra4 38. Rd4 h6 39. Re5 Rc8 40. Rb5 Ra2 41. Rd1 Rcc2 42. Rxb6 Rxf2 43. Rb7 e5 44. Rxf7 e4 45. Rf8+ Kh7 46. Rxf6 gxf6 47. Bxe4+ f5 48. Bc6 Rab2 49. b5 Rfc2 50. Rd4 Kg6 51. Kh2 Rc1 52. Kg3 Kg5 53. h4+ Kf6 54. Rd6+ Kg7 55. Rd7+ 1/2-1/2

[Event "34th European Club Cup 2018"]
[Site "Halkidiki"]
[Date "2018.10.18"]
[Round "7"]
[White "Gunnarsson, Arnar"]
[Black "Lemmers, Oscar"]
[Result "1/2-1/2"]
[WhiteElo "2428"]
[BlackElo "2327"]
[Annotator "TA"]
[PlyCount "70"]
[EventDate "2018.10.12"]
[EventType "team-tourn"]
[EventCountry "GRE"]
[SourceTitle "playchess.com"]
[Source "ChessBase"]
[SourceQuality "1"]
[WhiteTeam "Reykjavik"]
[BlackTeam "KGSRL"]

1. c4 e5 2. Nc3 Nf6 3. Nf3 Nc6 4. d3 Bb4 5. Bd2 O-O 6. g3 Re8 7. Nd5 Bxd2+ 8. Nxd2 d6 9. Bg2 Nxd5 10. cxd5 Ne7 11. Qa4 Bd7 12. Qb4 Qb8 13. Nc4 b6 14. Rc1 a5 15. Qc3 Qb7 16. Ne3 Rac8 17. O-O c6 18. Qb3 cxd5 19. Nxd5 Nxd5 20. Bxd5 Bc6 21. Bxc6 Rxc6 22. Rc3 Rec8 23. Qd5 Qd7 24. Rfc1 Rxc3 25. Rxc3 Rxc3 26. bxc3 g6 27. c4 Kg7 28. d4 f6 29. c5 bxc5 30. dxc5 Qb5 31. Qxd6 Qb1+ 32. Kg2 Qe4+ 33. Kg1 Qb1+ 34. Kg2 Qe4+ 35. Kg1 Qb1+ 1/2-1/2

[Event "34th European Club Cup 2018"]
[Site "Halkidiki"]
[Date "2018.10.18"]
[Round "7"]
[White "Kjartansson, Gudmundur"]
[Black "Edouard, Romain"]
[Result "1/2-1/2"]
[WhiteElo "2428"]
[BlackElo "2646"]
[Annotator "TA"]
[PlyCount "80"]
[EventDate "2018.10.12"]
[EventType "team-tourn"]
[EventCountry "GRE"]
[SourceTitle "playchess.com"]
[Source "ChessBase"]
[SourceQuality "1"]
[WhiteTeam "Reykjavik"]
[BlackTeam "KGSRL"]

1. d4 Nf6 2. c4 e6 3. Nf3 c5 4. d5 exd5 5. cxd5 g6 6. Nc3 Bg7 7. Bf4 O-O 8. e3 d6 9. h3 Na6 10. Bxa6 bxa6 11. Nd2 a5 12. O-O Ba6 13. Re1 Rb8 14. Qc2 Nh5 15. Bh2 f5 16. g4 fxg4 17. hxg4 Qh4 18. f3 Nf6 19. Kg2 Nxd5 20. Bxd6 Rxb2 21. Qxb2 Bxc3 22. Qc1 h5 23. Qc2 Kf7 24. Qe4 Qg5 25. Bxf8 Kxf8 26. Rad1 Bb7 27. Kf1 Qh4 28. gxh5 Qh1+ 29. Kf2 Qh2+ 30. Kf1 Bxd2 31. Rxd2 Qh1+ 32. Kf2 Qh2+ 33. Kf1 Qxd2 34. Qe6 Nc7 35. Qf6+ Ke8 36. Qxg6+ Kd8 37. Qf6+ Kc8 38. Qf5+ Kd8 39. Qf6+ Kd7 40. Qf5+ Kd8 1/2-1/2

[Event "34th European Club Cup 2018"]
[Site "Halkidiki"]
[Date "2018.10.18"]
[Round "7"]
[White "Warmerdam, Max"]
[Black "Sagit, Rauan"]
[Result "1/2-1/2"]
[WhiteElo "2417"]
[BlackElo "2434"]
[Annotator "TA"]
[PlyCount "99"]
[EventDate "2018.10.12"]
[EventType "team-tourn"]
[EventCountry "GRE"]
[SourceTitle "playchess.com"]
[Source "ChessBase"]
[SourceQuality "1"]
[WhiteTeam "Apeldoorn"]
[BlackTeam "Team Viking"]

1. d4 f5 2. g3 Nf6 3. Bg2 g6 4. Nd2 Bg7 5. e4 fxe4 6. Nxe4 d5 7. Nxf6+ exf6 8. Qe2+ Kf7 9. c4 Be6 10. Nh3 Re8 11. Be3 g5 12. cxd5 Bxd5 13. Nf4 Bxg2 14. Qc4+ Kf8 15. Nxg2 c6 16. h4 h6 17. O-O b5 18. Qb3 Qd5 19. Qxd5 cxd5 20. a4 bxa4 21. Rxa4 Nc6 22. Rc1 Rac8 23. Rc5 Red8 24. b4 a6 25. Ne1 Kg8 26. Nd3 Bf8 27. Rc1 Nb8 28. Nc5 Rc6 29. Rca1 Rdd6 30. h5 Rb6 31. f4 Rdc6 32. f5 Bd6 33. g4 Be7 34. Kf2 Kf7 35. Ke2 Rb5 36. Nxa6 Nxa6 37. Rxa6 Rc2+ 38. Kf3 Rxb4 39. Re6 Rb7 40. Ra5 Rd7 41. Rea6 Rc3 42. Ra7 Rxa7 43. Rxa7 Rb3 44. Ra5 Bd6 45. Ke2 Rb2+ 46. Kf1 Rb1+ 47. Kg2 Rb2+ 48. Kf3 Rb3 49. Ke2 Rb2+ 50. Kf3 1/2-1/2

[Event "34th European Club Cup 2018"]
[Site "Halkidiki"]
[Date "2018.10.18"]
[Round "7"]
[White "Seyb, Alexander"]
[Black "Baliasnyj, Timur"]
[Result "1-0"]
[WhiteElo "2411"]
[BlackElo "2216"]
[Annotator "TA"]
[PlyCount "57"]
[EventDate "2018.10.12"]
[EventType "team-tourn"]
[EventCountry "GRE"]
[SourceTitle "playchess.com"]
[Source "ChessBase"]
[SourceQuality "1"]
[WhiteTeam "Berlin"]
[BlackTeam "Overtime"]

1. e4 c5 2. Nf3 g6 3. d4 cxd4 4. Nxd4 Bg7 5. c4 Nc6 6. Be3 d6 7. Nc3 Nf6 8. Be2 O-O 9. f3 Nxd4 10. Bxd4 Be6 11. O-O Nd7 12. Kh1 Qa5 13. b3 Rac8 14. f4 Bxd4 15. Qxd4 Nf6 16. Rae1 a6 17. a4 Qc5 18. Qd3 Rfd8 19. Bd1 Bd7 20. Qg3 Bc6 21. e5 Ne8 22. Bg4 Ra8 23. f5 Kg7 24. fxg6 hxg6 25. Qf4 dxe5 26. Rxe5 Qd4 27. Qxf7+ Kh6 28. Rh5+ gxh5 29. Qxh5+ 1-0

[Event "34th European Club Cup 2018"]
[Site "Halkidiki"]
[Date "2018.10.18"]
[Round "7"]
[White "Meins, Gerlef"]
[Black "Dorfanis, Ilarion"]
[Result "1-0"]
[WhiteElo "2408"]
[BlackElo "2135"]
[Annotator "TA"]
[PlyCount "67"]
[EventDate "2018.10.12"]
[EventType "team-tourn"]
[EventCountry "GRE"]
[SourceTitle "playchess.com"]
[Source "ChessBase"]
[SourceQuality "1"]
[WhiteTeam "Bremen"]
[BlackTeam "Thessalonikis"]

1. Nf3 d5 2. g3 Nf6 3. Bg2 e6 4. O-O Be7 5. d4 b5 6. Bg5 Nbd7 7. Nbd2 O-O 8. c3 c5 9. Bxf6 Bxf6 10. e4 Bb7 11. Re1 Qb6 12. exd5 Bxd5 13. Ne5 Rad8 14. Bxd5 exd5 15. Nxd7 Rxd7 16. dxc5 Qxc5 17. Ne4 Qc6 18. Nxf6+ Qxf6 19. Qg4 Rc7 20. Rad1 a5 21. Rxd5 b4 22. cxb4 Rc2 23. Re2 Rc1+ 24. Kg2 Qc6 25. Qe4 axb4 26. Rd4 Qa6 27. b3 g6 28. Rxb4 Rd8 29. Ra4 Qb5 30. Ra8 Rxa8 31. Qxa8+ Kg7 32. Qe4 h5 33. Qe5+ Qxe5 34. Rxe5 1-0

[Event "34th European Club Cup 2018"]
[Site "Halkidiki"]
[Date "2018.10.18"]
[Round "7"]
[White "Willemze, Thomas"]
[Black "Salomon, Johan"]
[Result "1-0"]
[WhiteElo "2408"]
[BlackElo "2477"]
[Annotator "TA"]
[PlyCount "121"]
[EventDate "2018.10.12"]
[EventType "team-tourn"]
[EventCountry "GRE"]
[SourceTitle "playchess.com"]
[Source "ChessBase"]
[SourceQuality "1"]
[WhiteTeam "BSG"]
[BlackTeam "Nordstrand"]

1. e4 e5 2. Nf3 Nc6 3. Bc4 Bc5 4. d3 Nf6 5. c3 d6 6. Bb3 a5 7. h3 h6 8. Nbd2 Be6 9. Ba4 O-O 10. Nf1 Rb8 11. Bxc6 bxc6 12. g4 d5 13. Qe2 dxe4 14. dxe4 Nd7 15. Ng3 f6 16. O-O Qe7 17. b3 Nb6 18. Nh4 Qf7 19. Nhf5 Kh7 20. Be3 Bxe3 21. Qxe3 Rfd8 22. Rfd1 Qf8 23. Qf3 g6 24. Rxd8 Rxd8 25. Ne3 Nc8 26. h4 Nd6 27. c4 Nb7 28. h5 g5 29. Rd1 Nc5 30. Qe2 Bc8 31. Qe1 Rxd1 32. Qxd1 Ne6 33. Ngf5 Qb4 34. Nc2 Qf8 35. Qd2 c5 36. Nce3 Qd8 37. Qxd8 Nxd8 38. Nd5 Bxf5 39. exf5 Kg7 40. Nxc7 Kf7 41. Kg2 e4 42. f3 exf3+ 43. Kxf3 Nc6 44. Ne6 Ne5+ 45. Ke4 Nxg4 46. Nxc5 Ke7 47. Nd3 Nh2 48. c5 Nf1 49. a3 Ng3+ 50. Kd5 Nxf5 51. b4 axb4 52. axb4 Ne3+ 53. Kc6 Nc2 54. Kb7 g4 55. c6 g3 56. c7 g2 57. c8=Q g1=Q 58. Qxc2 Qh1+ 59. Qc6 Qxh5 60. Nf4 Qf5 61. Qc7+ 1-0